000 01112nam a22003377i 4500
003 EG-GICUC
005 20260121101447.0
008 251210s1978 ua ||||fr|||| 00| 0 eng d
017 _a19782349
020 _a9772015366
040 _aEG-GiCUC
_beng
_cEG-GiCUC
_dEG-GiCUC
_erda
041 _aeng
082 0 4 _221
_a341.23
_bAB . E
092 0 4 _221
099 _aLaw1 11 341.23 AB . E 1978
100 1 _aAbdelazim Elganzoury
_eAuthor.
245 1 0 _aEvolution of the peace keeping powers of the General Assembly of the United Nations /
_cby Abdelazim Elganzoury.
264 1 _aCairo :
_bGeneral Egyptian Book Organization,
_c1978.
300 _a355 pages ;
_c24 cm.
336 _2rda content
_atext
337 _2rda media
_aComputer
338 _2rda carrier
_aOnline Resource
504 _aInclude footnotes and Bibliography
546 _aText in English
650 1 4 _aUnited Nations
_xPublic international law
_2qrmak
650 1 4 _aEvolution of the peace
651 1 _2qrmak
856 4 0 _uhttps://fll.law.cu.edu.eg/fulltext/bks/B11-05024.pdf
905 _a75
_eHassnaa
942 _2ddc
_cBK
_e21
_n0
999 _c49476
_d49476